| 000 | 00462nam a22001817a 4500 | ||
|---|---|---|---|
| 003 | BD-RjUL | ||
| 005 | 20240128153145.0 | ||
| 008 | 240128b1930 |||||||| |||| 00| 0 eng d | ||
| 035 | _a(BD-RjUL) | ||
| 040 |
_aBD-RjUL _beng _cBD-RjUL |
||
| 041 | _aeng | ||
| 082 |
_a823 _bMOH 1930 |
||
| 100 |
_aMoberly, L. G. _911191 |
||
| 245 |
_aHope My Wife/ _cby L.G. Moberly |
||
| 260 |
_aLondon: _bWard,Lock & co. Ltd. _c1930. |
||
| 300 |
_a253p; _c18cm. |
||
| 942 |
_2ddc _cBK |
||
| 999 |
_c82823 _d82823 |
||